Missing Word: Show Biz 'O' Quiz Stats

 Plays Quiz Updated Nov 15, 2012

Support Sporcle.
Go Orange.
Score 0/32 Timer 03:00
0 Plays Today
'O' No 'O' Word % Correct
Academy Award-winning song '___ the Rainbow'Over
95.7%
Frank Capra's 'It Happened ___ Night'One
94.8%
Neil Simon's 'The ___ Couple'Odd
94.1%
Stanley Kubrick's 'A Clockwork ___'Orange
92.5%
Andrew Lloyd Webber's 'The Phantom of the ___'Opera
92.3%
'The Color Purple' actress ___ WinfreyOprah
92.2%
'Midnight in Paris' star ___ WilsonOwen
92%
'Citizen Kane' director ___ WellesOrson
91.8%
Sergio Leone's '___ Upon a Time in the West'Once
91.1%
Academy Award-winning song 'Baby, It's Cold ___'Outside
90.5%
'The Importance of Being Earnest' playwright ___ WildeOscar
90.4%
Donny and Marie ___Osmond
87.5%
'Doctor Zhivago' actor ___ SharifOmar
78.7%
Stand-up comedian Rosie ___O'Donnell
78%
Stan Laurel and ___ HardyOliver
77.3%
'Hush...Hush, Sweet Charlotte' actress ___ de HavillandOlivia
72.3%
'O' No 'O' Word % Correct
'Lawrence of Arabia' actor Peter ___O'Toole
71.9%
'Marathon Man' actor Laurence ___Olivier
67.6%
'Paper Moon' actress Tatum ___O'Neal
66.1%
'Sid and Nancy' actor Gary ___Oldman
65.2%
Thornton Wilder's '___ Town'Our
64.1%
'Sixth Sense' actor Haley Joel ___Osment
58.3%
William Wellman's 'The ___-Bow Incident'Ox
56.4%
Rodgers and Hammerstein's '___!'Oklahoma
55.9%
Robert Redford's '___ People'Ordinary
55.7%
Tony ___ and DawnOrlando
54%
'The Iceman Cometh' playwright Eugene ___O'Neill
52.3%
'Fallen Angel' director ___ PremingerOtto
48.1%
'Dirty Rotten Scoundrels' director Frank ___Oz
30.5%
'Singin' in the Rain' actor Donald ___O'Connor
27.6%
Michael Frayn's 'Noises ___'Off
26.9%
Jacques Tati's 'Mon ___'Oncle
14.5%

Today's Daily Dose

Missing Word
50 Cent Songs

Word Ladder
Close Gunshot

Quick Pick
Pop Punk Bands

Get the Picture
An 'S' in Disney

From the Vault

Click the Video Game Series Subtitles

by metashades

Gaming 4m
Some of these games take you to the high seas, others to the battlefield. All deserve more entries.
Remove Ads.
Support Sporcle.
Get the best of Sporcle when you Go Orange. This ad-free experience offers more features, more stats, and more fun while also helping to support Sporcle. Thank you for becoming a member.

Show Comments

Extras

Top Quizzes Today


Score Distribution

Your Account Isn't Verified!

In order to create a playlist on Sporcle, you need to verify the email address you used during registration. Go to your Sporcle Settings to finish the process.

Report this User

Report this user for behavior that violates our Community Guidelines.

Details: